Kraje najbliższe Białorusi - Jednominutowy sprint - Statystyki

Ogólne statystyki
  • Ten quiz został rozwiązany 171 razy
  • Średni wynik to 14 z 20
Statystyki odpowiedzi
km kraj % Poprawnych
0 Polska
100%
0 Rosja
99%
0 Ukraina
96%
0 Litwa
94%
157 Estonia
91%
0 Łotwa
91%
571 Niemcy
82%
267 Słowacja
79%
395 Czechy
77%
337 Mołdawia
74%
365 Rumunia
72%
470 Finlandia
69%
357 Węgry
66%
515 Szwecja
61%
568 Austria
49%
544 Dania
43%
740 Słowenia
41%
646 Serbia
39%
715 Chorwacja
34%
801 Bośnia i Hercegowina
25%
Nie znaleziono quizów pasujących do podanych kryteriów
Rozkład punktacji
Procent ludzi z każdym wynikiem
Percentyl według liczby udzielonych odpowiedzi
Twoja historia wyników
Nie rozwiązałeś tego quizu